000
00302nam a22001337a 4500
008
180814b xxu||||| |||| 00| 0 eng d
041
_a
eng
080
_a
574
082
_a
574
100
_a
9
101
_a
MJE
245
_a
Soybeans: Improvement, Production, and Uses
_c
Wilcox,J.R
942
_2
udc
_c
BK
999
_c
47130
_d
47130